The Honey and sugars market in the EU : CBI market survey.

Bibliographic Details
Format: Book
Published: Rotterdam: Centre for the promotion of imports from Developing Countries[CBI], 2007.
Series:CBI market survey
Subjects:
LEADER 00626cam a2200169 7i4500
001 0000021535
005 20080808090000.0
090 0 0 |a EU 641.38   |b HON 
245 0 0 |a The Honey and sugars market in the EU :   |b CBI market survey. 
260 0 0 |a Rotterdam:   |b Centre for the promotion of imports from Developing Countries[CBI],   |c 2007. 
300 # # |a 42 p. 
440 0 0 |a CBI market survey 
650 0 0 |a Honey --   |x Markets --   |z European Union  
650 0 0 |a Sugar --   |x Markets --   |z European Union  
650 0 0 |a Organic food --   |x Markets --   |z European Union  
651 0 0 |a European Union  
999 |a 0000022028  |b Book  |c Regions  |e Business Information Centre